[Event "Bad Harzburg op"]
[Site "Bad Harzburg"]
[Date "2007.10.25"]
[Round "4"]
[White "Olzem, Lothar"]
[Black "Gutman, Lev"]
[Result "0-1"]
[WhiteElo "2177"]
[BlackElo "2424"]
[PlyCount "72"]
[EventDate "2007.10.23"]
[EventType "swiss"]
[EventRounds "7"]
[EventCountry "GER"]
[SourceTitle "EXT 2009"]
[Source "ChessBase"]
[SourceDate "2008.11.26"]
[SourceVersion "1"]
[SourceVersionDate "2008.11.26"]
[SourceQuality "1"]

1. e4 c5 2. Nf3 Nc6 3. d4 cxd4 4. Nxd4 Qb6 5. Nb3 e6 6. Be3 Qc7 7. Bd3 Nf6 8. f4 a6 9. Qf3 b5 10. a4 bxa4 11. Rxa4 Nb4 12. Qe2 Rb8 13. Nd4 h5 14. Nc3 Ng4 15. Nd1 g5 16. Bd2 gxf4 17. Rf1 e5 18. Nf3 a5 19. Bc3 d6 20. h3 Bd7 21. Ra1 Be7 22. hxg4 hxg4 23. Kd2 gxf3 24. gxf3 Bf6 25. Nf2 Ke7 26. Rg1 Qc5 27. Ng4 Bxg4 28. Rxg4 Rh3 29. Rg2 Bh4 30. Bc4 Bg3 31. b3 Rbh8 32. Bxb4 Qxb4+ 33. c3 Qc5 34. Rag1 Rh1 35. Qd1 R8h2 36. Rxh2 Rxh2+ 0-1

[Event "Bad Harzburg op"]
[Site "Bad Harzburg"]
[Date "2007.10.23"]
[Round "1"]
[White "Steffen, Thomas"]
[Black "Olzem, Lothar"]
[Result "0-1"]
[WhiteElo "2008"]
[BlackElo "2177"]
[PlyCount "124"]
[EventDate "2007.10.23"]
[EventType "swiss"]
[EventRounds "7"]
[EventCountry "GER"]
[SourceTitle "EXT 2009"]
[Source "ChessBase"]
[SourceDate "2008.11.26"]
[SourceVersion "1"]
[SourceVersionDate "2008.11.26"]
[SourceQuality "1"]

1. e4 c5 2. Nf3 Nc6 3. d4 cxd4 4. Nxd4 g6 5. Nc3 Bg7 6. Be3 Nf6 7. Be2 0-0 8. Qd2 d5 9. exd5 Nxd5 10. Nxd5 Qxd5 11. Bf3 Qc4 12. Nxc6 bxc6 13. c3 Bf5 14. Be2 Qe6 15. 0-0 Rfd8 16. Qc1 Bd3 17. Bxd3 Rxd3 18. Qc2 Rd5 19. Qb3 Qd7 20. Qa4 Qb7 21. Rab1 Rb5 22. Qc2 Rd8 23. b3 Rbd5 24. c4 R5d7 25. Rbd1 Bd4 26. Qe2 Bxe3 27. Rxd7 Qxd7 28. Qxe3 e6 29. g3 h5 30. h4 Qe7 31. Qf3 Qd6 32. Qe3 Rd7 33. Re1 Qd2 34. Qxd2 Rxd2 35. a4 Rb2 36. Re3 Kf8 37. Kg2 Ke7 38. Rd3 e5 39. Kf3 f5 40. Ke3 e4 41. Rd2 Rxb3+ 42. Kf4 Kf7 43. Rd7+ Ke6 44. Rc7 Rf3+ 45. Kg5 e3 46. fxe3 Rxg3+ 47. Kh6 Rxe3 48. Rxc6+ Ke5 49. Kxg6 f4 50. Rc8 Rg3+ 51. Kxh5 f3 52. Rf8 Ke4 53. Kh6 Ke3 54. c5 Rg4 55. h5 f2 56. c6 Rc4 57. Kg7 Rxc6 58. h6 Rc1 59. Re8+ Kd4 60. Rd8+ Ke5 61. Re8+ Kd6 62. h7 Rg1+ 0-1

[Event "Niedersachsen-ch M"]
[Site "Verden"]
[Date "2007.01.07"]
[Round "9"]
[White "Olzem, Lothar"]
[Black "Laake, Jasmin Maria"]
[Result "0-1"]
[WhiteElo "2044"]
[BlackElo "2017"]
[PlyCount "89"]
[EventDate "2007.01.03"]
[EventType "swiss"]
[EventRounds "9"]
[EventCountry "GER"]
[SourceTitle "EXT 2008"]
[Source "ChessBase"]
[SourceDate "2007.11.25"]
[SourceVersion "1"]
[SourceVersionDate "2007.11.25"]
[SourceQuality "1"]

1. d4 Nf6 2. Nf3 g6 3. c4 Bg7 4. Nc3 0-0 5. g3 d6 6. Bg2 Nbd7 7. 0-0 e5 8. h3 a6 9. dxe5 dxe5 10. Qc2 c6 11. Rd1 Qe7 12. Be3 Nh5 13. Na4 f5 14. Bg5 Qf7 15. Bd2 h6 16. Bb4 Re8 17. e4 fxe4 18. Qxe4 Nhf6 19. Qe2 e4 20. Ne1 b5 21. cxb5 cxb5 22. Nc3 Bb7 23. Bd6 Nb6 24. b3 Nfd5 25. Nxd5 Nxd5 26. Rdc1 Rad8 27. Bc5 Nc3 28. Qe3 Nd5 29. Qe2 e3 30. fxe3 Nxe3 31. Bxb7 Qxb7 32. Rab1 Qd5 33. Qf3 Qd2 34. Qf2 Qd7 35. g4 h5 36. Bb6 Rb8 37. Rc7 Qe6 38. Ba7 Ra8 39. g5 Rxa7 40. Rxa7 Bd4 41. Rc7 Nf5 42. Rbc1 Bxf2+ 43. Kxf2 Qe3+ 44. Kf1 Rf8 45. Kg2 0-1

[Event "Niedersachsen-ch M"]
[Site "Verden"]
[Date "2007.01.06"]
[Round "7"]
[White "Olzem, Lothar"]
[Black "Abel, Dennes"]
[Result "1/2-1/2"]
[WhiteElo "2044"]
[BlackElo "2252"]
[PlyCount "32"]
[EventDate "2007.01.03"]
[EventType "swiss"]
[EventRounds "9"]
[EventCountry "GER"]
[SourceTitle "EXT 2008"]
[Source "ChessBase"]
[SourceDate "2007.11.25"]
[SourceVersion "1"]
[SourceVersionDate "2007.11.25"]
[SourceQuality "1"]

1. d4 Nf6 2. Nf3 e6 3. g3 b5 4. Bg2 Bb7 5. a4 a6 6. axb5 axb5 7. Rxa8 Bxa8 8. 0-0 Be7 9. Bg5 Bc6 10. Re1 0-0 11. c3 d6 12. h3 Nbd7 13. Nbd2 h6 14. Bxf6 Nxf6 15. e4 Qa8 16. d5 Bd7 1/2-1/2

[Event "Niedersachsen-ch M"]
[Site "Verden"]
[Date "2007.01.04"]
[Round "3"]
[White "Lange, Norbert"]
[Black "Olzem, Lothar"]
[Result "0-1"]
[WhiteElo "2033"]
[BlackElo "2044"]
[PlyCount "86"]
[EventDate "2007.01.03"]
[EventType "swiss"]
[EventRounds "9"]
[EventCountry "GER"]
[SourceTitle "EXT 2008"]
[Source "ChessBase"]
[SourceDate "2007.11.25"]
[SourceVersion "1"]
[SourceVersionDate "2007.11.25"]
[SourceQuality "1"]

1. f4 d5 2. Nf3 c5 3. g3 Nc6 4. Bg2 Nf6 5. 0-0 Bf5 6. d3 e6 7. c3 Qc7 8. Na3 a6 9. Nc2 h6 10. Kh1 Be7 11. Rb1 g5 12. b4 g4 13. Ne5 h5 14. Be3 cxb4 15. cxb4 h4 16. Kg1 hxg3 17. hxg3 Nd7 18. Nxc6 bxc6 19. Bd4 Rg8 20. e4 Bh7 21. Ne3 dxe4 22. dxe4 Rd8 23. Qc2 c5 24. Rbc1 Rc8 25. Qa4 Qc6 26. Qxc6 Rxc6 27. Rf2 cxd4 28. Rxc6 dxe3 29. Rb2 Bd8 30. Rxa6 Bb6 31. Kf1 Ke7 32. Rc2 Rb8 33. Rc4 e5 34. f5 f6 35. Ke1 Bg8 36. Rc6 Bd4 37. a3 Bb3 38. Bf1 Rh8 39. b5 Rh2 40. b6 Rb2 41. Rc7 Rb1+ 42. Ke2 Bd1+ 43. Kd3 Bxb6 0-1

[Event "Niedersachsen-ch"]
[Site "Verden"]
[Date "2006.01.06"]
[Round "3"]
[White "Olzem, Lothar"]
[Black "Jacobs, Frank"]
[Result "1-0"]
[WhiteElo "2204"]
[BlackElo "1994"]
[PlyCount "81"]
[EventDate "2006.01.??"]
[EventType "swiss"]
[EventRounds "7"]
[EventCountry "GER"]
[SourceTitle "CBM 110 Extra"]
[Source "ChessBase"]
[SourceDate "2006.03.10"]
[SourceVersion "2"]
[SourceVersionDate "2006.03.10"]
[SourceQuality "1"]

1. d4 Nf6 2. Nf3 g6 3. c4 c5 4. d5 e6 5. Nc3 exd5 6. cxd5 d6 7. e4 Bg7 8. h3 0-0 9. Bd3 a6 10. a4 Nbd7 11. Bf4 Qc7 12. 0-0 Re8 13. Re1 Rb8 14. a5 Nh5 15. Bh2 b5 16. axb6 Rxb6 17. Qc2 Ne5 18. Nxe5 Bxe5 19. Bxe5 Rxe5 20. Qd2 g5 21. Ra3 Nf4 22. Bf1 Qe7 23. Kh2 f5 24. g3 fxe4 25. gxf4 gxf4 26. Qxf4 Rb4 27. Bxa6 Bf5 28. Rg1+ Bg6 29. Bc8 e3 30. Qh6 Rh4 31. Be6+ Rxe6 32. Ra8+ Kf7 33. dxe6+ Kxe6 34. Qxe3+ Kf7 35. Qxe7+ Kxe7 36. Ra7+ Ke6 37. Re1+ Kf6 38. Kg3 Rd4 39. f3 Rd2 40. Kf4 Rxb2 41. Nd5# 1-0

[Event "Niedersachsen-ch"]
[Site "Verden"]
[Date "2006.01.06"]
[Round "4"]
[White "Olzem, Lothar"]
[Black "Sawatzki, Frank"]
[Result "0-1"]
[WhiteElo "2204"]
[BlackElo "2375"]
[PlyCount "88"]
[EventDate "2006.01.??"]
[EventType "swiss"]
[EventRounds "7"]
[EventCountry "GER"]
[SourceTitle "CBM 110 Extra"]
[Source "ChessBase"]
[SourceDate "2006.03.10"]
[SourceVersion "2"]
[SourceVersionDate "2006.03.10"]
[SourceQuality "1"]

1. d4 Nf6 2. Nf3 g6 3. c4 Bg7 4. Nc3 0-0 5. g3 d6 6. Bg2 Nbd7 7. d5 Nc5 8. Be3 a5 9. 0-0 e6 10. dxe6 Bxe6 11. b3 Re8 12. Rc1 Bd7 13. Bg5 h6 14. Bf4 Nfe4 15. Nxe4 Nxe4 16. Rc2 Nc3 17. Qe1 Qf6 18. Bxh6 Nxe2+ 19. Rxe2 Bxh6 20. Rxe8+ Bxe8 21. Nd2 Qb2 22. Ne4 Bc6 23. Qb1 Qe5 24. f4 Qd4+ 25. Nf2 Re8 26. Bxc6 bxc6 27. Re1 Kf8 28. Rxe8+ Kxe8 29. Qe1+ Kd7 30. Qxa5 Bg7 31. Qe1 Qb2 32. Nd3 Qxa2 33. Qd1 Kc8 34. Kh1 c5 35. Qf3 Qxb3 36. Qa8+ Qb8 37. Qa4 Qb7+ 38. Kg1 Bd4+ 39. Nf2 Kd8 40. Qa2 Qf3 41. Kf1 c6 42. g4 Qxf4 43. h4 Ke7 44. h5 Qxf2+ 0-1

[Event "Boeblingen op 22nd"]
[Site "Boeblingen"]
[Date "2005.12.28"]
[Round "5"]
[White "Olzem, Lothar"]
[Black "Kuhn, Gerhard"]
[Result "0-1"]
[WhiteElo "2202"]
[BlackElo "2048"]
[PlyCount "56"]
[EventDate "2005.12.26"]
[EventType "swiss"]
[EventRounds "9"]
[EventCountry "GER"]
[SourceTitle "CBM 110 Extra"]
[Source "ChessBase"]
[SourceDate "2006.03.10"]
[SourceVersion "2"]
[SourceVersionDate "2006.03.10"]
[SourceQuality "1"]

1. d4 Nf6 2. c4 g6 3. Nc3 d5 4. cxd5 Nxd5 5. e4 Nxc3 6. bxc3 c5 7. Bc4 Bg7 8. Ne2 cxd4 9. cxd4 Nc6 10. Be3 0-0 11. 0-0 Bg4 12. f3 Na5 13. Bd3 Be6 14. d5 Bxa1 15. Qxa1 f6 16. Bh6 Re8 17. Kh1 Rc8 18. Nf4 Bd7 19. e5 Nc4 20. e6 Ba4 21. Qd4 Qb6 22. Qa1 Ne5 23. Rb1 Qe3 24. Be4 Qc3 25. Qxc3 Rxc3 26. Ne2 Rc7 27. Rb4 b5 28. f4 Ng4 0-1

[Event "Santo Domingo op"]
[Site "Santo Domingo"]
[Date "2005.11.26"]
[Round "3"]
[White "Olzem, Lothar"]
[Black "Munoz Santana, Jose Lisandro"]
[Result "0-1"]
[WhiteElo "2202"]
[BlackElo "2326"]
[PlyCount "48"]
[EventDate "2005.11.24"]
[EventType "swiss"]
[EventRounds "9"]
[EventCountry "DOM"]
[SourceTitle "CBM 109 Extra"]
[Source "ChessBase"]
[SourceDate "2006.01.03"]
[SourceVersion "2"]
[SourceVersionDate "2006.01.03"]
[SourceQuality "1"]

1. d4 e6 2. Nf3 Nf6 3. c4 c5 4. Nc3 cxd4 5. Nxd4 a6 6. g3 Qc7 7. Qd3 Nc6 8. Nxc6 Qxc6 9. e4 b6 10. Bg2 Bb7 11. Bd2 Be7 12. Rc1 Ng4 13. Qe2 Ne5 14. f4 Ng6 15. 0-0 Rc8 16. b3 0-0 17. Bf3 Rfd8 18. Be3 Ba3 19. Rc2 d6 20. Rf2 Qc7 21. Nb1 Bc5 22. a4 Ne7 23. Nc3 Nc6 24. Qd1 Bxe3 0-1

[Event "Wilhelm Werner Memorial-M 30th"]
[Site "Bockenem"]
[Date "2005.05.07"]
[Round "5"]
[White "Pape, Manfred"]
[Black "Olzem, Lothar"]
[Result "1/2-1/2"]
[WhiteElo "2106"]
[BlackElo "2082"]
[PlyCount "118"]
[EventDate "2005.05.??"]
[EventType "tourn"]
[EventRounds "7"]
[EventCountry "GER"]
[SourceTitle "EXT 2008"]
[Source "ChessBase"]
[SourceDate "2007.11.25"]
[SourceVersion "1"]
[SourceVersionDate "2007.11.25"]
[SourceQuality "1"]

1. Nf3 d5 2. g3 Bf5 3. Bg2 c6 4. d3 e6 5. Nbd2 h6 6. 0-0 Nf6 7. Re1 Be7 8. c4 0-0 9. b3 a5 10. a3 Nbd7 11. Bb2 Bh7 12. Ra2 b5 13. Qa1 Qb6 14. Rc1 a4 15. b4 bxc4 16. dxc4 Rac8 17. c5 Qa6 18. Bf1 Qb7 19. Re1 Rfd8 20. h3 Ne8 21. e4 Bf6 22. e5 Be7 23. Nd4 Qb8 24. N2f3 Be4 25. Qd1 Qa8 26. Bd3 Bxd3 27. Qxd3 Nc7 28. Bc3 Nf8 29. Bd2 Re8 30. h4 Qb7 31. Kg2 Nb5 32. Bf4 Nxd4 33. Nxd4 Nd7 34. Rc2 Nb8 35. Bc1 Qa6 36. Qf3 Bf8 37. g4 g6 38. g5 h5 39. Bb2 Bg7 40. Qd1 Nd7 41. Nf3 Ra8 42. Bd4 Qb5 43. Re3 Nb8 44. Ne1 Na6 45. Nd3 Kf8 46. f4 Nc7 47. Ne1 Qa6 48. Nf3 Nb5 49. Qa1 Reb8 50. Bb2 Rd8 51. Bd4 Rd7 52. Rc1 Kg8 53. Rc2 Bf8 54. Rc1 Rb8 55. Rc2 Rdb7 56. Qf1 Qa8 57. Bb2 Qa7 58. Kg3 Rd8 59. Nd4 Nxd4 1/2-1/2

[Event "Oberliga Nord W 0203"]
[Site "Germany"]
[Date "2003.03.30"]
[Round "9.1"]
[White "Olzem, Lothar"]
[Black "Eilers, Stefan"]
[Result "1/2-1/2"]
[WhiteElo "2186"]
[BlackElo "2289"]
[PlyCount "30"]
[EventDate "2002.10.20"]
[EventType "team"]
[EventRounds "9"]
[EventCountry "GER"]
[SourceTitle "EXT 2004"]
[Source "ChessBase"]
[SourceDate "2003.11.25"]
[SourceVersion "1"]
[SourceVersionDate "2003.11.25"]
[SourceQuality "1"]
[WhiteTeam "Braunschweig"]
[BlackTeam "Jever"]
[WhiteTeamCountry "GER"]
[BlackTeamCountry "GER"]

1. d4 d5 2. Nf3 Nf6 3. c4 c6 4. cxd5 cxd5 5. Nc3 Nc6 6. Qb3 a6 7. Bg5 e6 8. e3 Be7 9. Bd3 0-0 10. 0-0 h6 11. Bh4 b5 12. Rfc1 Bb7 13. Qd1 Rc8 14. h3 Re8 15. Ne2 Ne4 1/2-1/2

[Event "Oberliga Nord W 0203"]
[Site "Germany"]
[Date "2003.03.09"]
[Round "8.2"]
[White "Olzem, Lothar"]
[Black "Brodhuhn, Reinhard"]
[Result "1/2-1/2"]
[WhiteElo "2186"]
[BlackElo "2237"]
[PlyCount "41"]
[EventDate "2002.10.20"]
[EventType "team"]
[EventRounds "9"]
[EventCountry "GER"]
[SourceTitle "EXT 2004"]
[Source "ChessBase"]
[SourceDate "2003.11.25"]
[SourceVersion "1"]
[SourceVersionDate "2003.11.25"]
[SourceQuality "1"]
[WhiteTeam "Braunschweig"]
[BlackTeam "Hannover SF"]
[WhiteTeamCountry "GER"]
[BlackTeamCountry "GER"]

1. c4 e6 2. Nf3 d5 3. d4 c6 4. Qc2 Nd7 5. Bg5 Ngf6 6. a3 h6 7. Bh4 dxc4 8. Qxc4 c5 9. Nc3 a6 10. dxc5 Bxc5 11. Rd1 b5 12. Qd3 Bb7 13. e3 0-0 14. Be2 Qb6 15. 0-0 Rfd8 16. Qb1 Rac8 17. Bxf6 Nxf6 18. Rxd8+ Qxd8 19. Rd1 Qc7 20. Nd4 Nd5 21. Nxd5 1/2-1/2

[Event "Boeblingen op 19th"]
[Site "Boeblingen"]
[Date "2002.12.30"]
[Round "9"]
[White "Olzem, Lothar"]
[Black "Michalczak, Thomas"]
[Result "0-1"]
[WhiteElo "2186"]
[BlackElo "2274"]
[PlyCount "82"]
[EventDate "2002.12.26"]
[EventType "swiss"]
[EventRounds "9"]
[EventCountry "GER"]
[SourceTitle "EXT 2004"]
[Source "ChessBase"]
[SourceDate "2003.11.25"]
[SourceVersion "1"]
[SourceVersionDate "2003.11.25"]
[SourceQuality "1"]

1. d4 Nf6 2. Nf3 g6 3. c4 c5 4. Nc3 cxd4 5. Nxd4 Bg7 6. Nc2 Nc6 7. g3 0-0 8. Bg2 d6 9. 0-0 Qa5 10. Nd5 Nxd5 11. cxd5 Ne5 12. Bd2 Qb6 13. Bc3 Bd7 14. Bd4 Qa6 15. h3 Rfc8 16. b3 Qa5 17. Ne3 Qb4 18. Kh1 Bb5 19. a3 Qa5 20. f4 Nd7 21. a4 Bxe2 22. Qxe2 Bxd4 23. Rad1 Bf6 24. Ng4 Rc3 25. Nxf6+ Nxf6 26. Qxe7 Nh5 27. Rf3 Rxf3 28. Bxf3 Nxg3+ 29. Kh2 Nf5 30. Qxb7 Re8 31. Qb5 Qd8 32. Bg4 Ne3 33. Rg1 Re4 34. Rg3 Qf6 35. f5 Qb2+ 36. Kh1 Qf2 37. f6 Qxf6 38. Bf3 Re7 39. Qb8+ Kg7 40. Qb5 Qf4 41. Kh2 Nf5 0-1

[Event "Oberliga Nord W 0102"]
[Site "Germany"]
[Date "2002.04.28"]
[Round "9.2"]
[White "Olzem, Lothar"]
[Black "Remling, Christian"]
[Result "1/2-1/2"]
[WhiteElo "2176"]
[BlackElo "2330"]
[PlyCount "20"]
[EventDate "2001.10.07"]
[EventType "team"]
[EventRounds "9"]
[EventCountry "GER"]
[SourceTitle "EXT 2003"]
[Source "ChessBase"]
[SourceDate "2002.11.25"]
[SourceVersion "1"]
[SourceVersionDate "2002.11.25"]
[SourceQuality "1"]
[WhiteTeam "Braunschweig SF"]
[BlackTeam "Osnabrueck IGM"]
[WhiteTeamCountry "GER"]
[BlackTeamCountry "GER"]

1. e4 d6 2. d4 Nf6 3. Nc3 e5 4. Nf3 Nbd7 5. h3 Be7 6. Be2 0-0 7. 0-0 c6 8. a4 b6 9. Be3 a6 10. Nd2 Bb7 1/2-1/2

[Event "Bad Woerishofen op 18th"]
[Site "Bad Woerishofen"]
[Date "2002.??.??"]
[Round "9"]
[White "Glas, Stefan"]
[Black "Olzem, Lothar"]
[Result "1/2-1/2"]
[WhiteElo "2109"]
[BlackElo "2185"]
[PlyCount "74"]
[EventDate "2002.03.??"]
[EventType "swiss"]
[EventRounds "9"]
[EventCountry "GER"]
[SourceTitle "EXT 2003"]
[Source "ChessBase"]
[SourceDate "2002.11.25"]
[SourceVersion "1"]
[SourceVersionDate "2002.11.25"]
[SourceQuality "1"]

1. e4 c5 2. Nf3 Nc6 3. d4 cxd4 4. Nxd4 Nf6 5. Nc3 e5 6. Ndb5 d6 7. Bg5 a6 8. Na3 b5 9. Nd5 Be7 10. Nxe7 Nxe7 11. Qf3 Bg4 12. Qe3 Ng6 13. f3 Be6 14. c4 bxc4 15. Bxc4 0-0 16. Rd1 Rb8 17. Qd2 Qc8 18. b3 Rd8 19. Qa5 Bxc4 20. Nxc4 d5 21. Bxf6 gxf6 22. Rxd5 Rxd5 23. Qxd5 Nf4 24. Qd6 Kg7 25. Kf2 Qc5+ 26. Qxc5 Nd3+ 27. Ke3 Nxc5 28. Rd1 Ne6 29. Rd6 Ra8 30. g3 a5 31. f4 a4 32. fxe5 axb3 33. exf6+ Kxf6 34. axb3 Ra1 35. Rd2 Re1+ 36. Re2 Rxe2+ 37. Kxe2 Nd4+ 1/2-1/2

[Event "Nord West Cup 04th"]
[Site "Bad Zwischenahn"]
[Date "2002.??.??"]
[Round "6"]
[White "Olzem, Lothar"]
[Black "Pericic, Boris"]
[Result "1-0"]
[WhiteElo "2185"]
[BlackElo "2021"]
[PlyCount "101"]
[EventDate "2002.02.??"]
[EventType "swiss"]
[EventRounds "7"]
[EventCountry "GER"]
[SourceTitle "EXT 2003"]
[Source "ChessBase"]
[SourceDate "2002.11.25"]
[SourceVersion "1"]
[SourceVersionDate "2002.11.25"]
[SourceQuality "1"]

1. d4 c6 2. c4 d5 3. cxd5 cxd5 4. Nc3 a6 5. Nf3 Nc6 6. Bf4 e6 7. e3 Nge7 8. Bd3 Ng6 9. Bg3 Be7 10. a3 Bd7 11. Rc1 0-0 12. 0-0 f5 13. Na4 Ra7 14. Qb3 h5 15. Qb6 h4 16. Bc7 Qc8 17. Nc5 Rf6 18. Ne5 Ngxe5 19. dxe5 Bxc5 20. Rxc5 Rg6 21. Rfc1 Ra8 22. b4 d4 23. Bd6 dxe3 24. fxe3 Qd8 25. Qxd8+ Rxd8 26. Be2 Kh7 27. R5c4 Rh6 28. a4 h3 29. g3 Kg6 30. Rf4 Rhh8 31. b5 axb5 32. axb5 Na7 33. Rb4 Rc8 34. Ra1 Ra8 35. Rba4 Rhc8 36. Rxa7 Rxa7 37. Rxa7 Rc1+ 38. Kf2 Rc2 39. Rxb7 Kg5 40. Rxd7 g6 41. Be7+ Kh6 42. Bf6 f4 43. exf4 g5 44. Kf3 g4+ 45. Ke3 Rc8 46. Bd3 Rh8 47. b6 Kh5 48. b7 Rh6 49. b8Q Rg6 50. Rh7+ Rh6 51. Qe8# 1-0

[Event "Bad Woerishofen op 18th"]
[Site "Bad Woerishofen"]
[Date "2002.??.??"]
[Round "2"]
[White "Olzem, Lothar"]
[Black "Stojadinovic, Tomislav"]
[Result "1-0"]
[WhiteElo "2185"]
[BlackElo "2030"]
[PlyCount "61"]
[EventDate "2002.03.??"]
[EventType "swiss"]
[EventRounds "9"]
[EventCountry "GER"]
[SourceTitle "EXT 2003"]
[Source "ChessBase"]
[SourceDate "2002.11.25"]
[SourceVersion "1"]
[SourceVersionDate "2002.11.25"]
[SourceQuality "1"]

1. e4 e6 2. d4 d5 3. Nd2 c5 4. Ngf3 Nc6 5. exd5 exd5 6. Qe2+ Qe7 7. dxc5 Qxe2+ 8. Bxe2 Bxc5 9. Nb3 Bb6 10. 0-0 Nge7 11. c3 0-0 12. Rd1 Be6 13. Nbd4 Bg4 14. Be3 Nxd4 15. Bxd4 Bxd4 16. Rxd4 Be6 17. Rd2 Nc6 18. Nd4 a6 19. f4 Ne7 20. Re1 Bd7 21. Bxa6 Rxa6 22. Rxe7 Rd8 23. a3 Kf8 24. Re5 Bc6 25. g3 g6 26. f5 Be8 27. Rf2 Kg8 28. Re7 Rb6 29. g4 Kf8 30. Re5 Ba4 31. fxg6 1-0

[Event "Bayern-chI Bank Hofmann 5th"]
[Site "Bad Wiessee"]
[Date "2001.10.28"]
[Round "2"]
[White "Olzem, Lothar"]
[Black "Jaracz, Pawel"]
[Result "0-1"]
[WhiteElo "2176"]
[BlackElo "2525"]
[PlyCount "102"]
[EventDate "2001.10.27"]
[EventType "swiss"]
[EventRounds "9"]
[EventCountry "GER"]
[SourceTitle "EXT 2003"]
[Source "ChessBase"]
[SourceDate "2002.11.25"]
[SourceVersion "1"]
[SourceVersionDate "2002.11.25"]
[SourceQuality "1"]

1. d4 Nf6 2. c4 e6 3. Nf3 b6 4. g3 Bb4+ 5. Bd2 Be7 6. Bg2 c6 7. 0-0 d5 8. Qc2 Nbd7 9. b3 0-0 10. Bc3 Bb7 11. Nbd2 c5 12. Ne5 Rc8 13. e4 cxd4 14. Bxd4 dxc4 15. bxc4 Bb4 16. Nxd7 Qxd7 17. Bxf6 Qxd2 18. Qxd2 Bxd2 19. Be7 Rfe8 20. Rad1 Rxe7 21. Rxd2 g5 22. Rc1 Rec7 23. Rdc2 Rc5 24. f3 b5 25. Bf1 g4 26. Kf2 gxf3 27. Ke3 Ba6 28. Kxf3 bxc4 29. Ke3 Ra5 30. Rd1 Rc7 31. h4 Kg7 32. g4 h6 33. Be2 Ra3+ 34. Kf2 c3 35. Bxa6 Rxa6 36. Ke3 Kf6 37. g5+ hxg5 38. hxg5+ Kg7 39. Rf1 Ra5 40. Kf4 Rcc5 41. Rg1 Rab5 42. Rg3 Rb2 43. Rgxc3 Rxc3 44. Rxc3 Rxa2 45. Rc8 a5 46. Ra8 a4 47. Ke5 a3 48. g6 Kxg6 49. Rg8+ Kh7 50. Rg3 Ra1 51. Rf3 Kg7 0-1

[Event "Oberliga Nord W 9900"]
[Site "Germany"]
[Date "2000.04.09"]
[Round "9.3"]
[White "Behrens, Harald"]
[Black "Olzem, Lothar"]
[Result "1-0"]
[WhiteElo "2265"]
[BlackElo "2185"]
[PlyCount "71"]
[EventDate "1999.10.??"]
[EventType "team"]
[EventRounds "9"]
[EventCountry "GER"]
[SourceTitle "EXT 2003"]
[Source "ChessBase"]
[SourceDate "2002.11.25"]
[SourceVersion "1"]
[SourceVersionDate "2002.11.25"]
[SourceQuality "1"]
[WhiteTeam "Hannover Post"]
[BlackTeam "Braunschweig SF"]
[WhiteTeamCountry "GER"]
[BlackTeamCountry "GER"]

1. d4 Nf6 2. Nf3 c5 3. e3 d6 4. c4 Bg4 5. Nc3 Nc6 6. Be2 cxd4 7. exd4 g6 8. 0-0 Bg7 9. Be3 0-0 10. Qd2 Qd7 11. h3 Bf5 12. d5 Nb8 13. Nd4 Qc8 14. Rac1 Na6 15. Rfd1 Nc5 16. b4 Nce4 17. Nxe4 Nxe4 18. Qe1 Bd7 19. Bf3 Nf6 20. c5 dxc5 21. bxc5 Ba4 22. Rd3 Rd8 23. Qb4 Be8 24. c6 bxc6 25. dxc6 Nd5 26. Bxd5 Rxd5 27. Qxe7 Bf8 28. Qe4 Rd6 29. c7 Bd7 30. Bf4 f5 31. Qf3 Rb6 32. Qd5+ Kg7 33. Be5+ Kh6 34. Nf3 Be6 35. Qd8 Qb7 36. Qg5# 1-0

[Event "Oberliga Nord W 9900"]
[Site "Germany"]
[Date "2000.03.12"]
[Round "7.3"]
[White "Olzem, Lothar"]
[Black "Muse, Drazen"]
[Result "1/2-1/2"]
[WhiteElo "2185"]
[BlackElo "2370"]
[PlyCount "86"]
[EventDate "1999.10.??"]
[EventType "team"]
[EventRounds "9"]
[EventCountry "GER"]
[SourceTitle "EXT 2003"]
[Source "ChessBase"]
[SourceDate "2002.11.25"]
[SourceVersion "1"]
[SourceVersionDate "2002.11.25"]
[SourceQuality "1"]
[WhiteTeam "Braunschweig SF"]
[BlackTeam "Bremer SG"]
[WhiteTeamCountry "GER"]
[BlackTeamCountry "GER"]

1. e4 c5 2. Nf3 d6 3. d4 cxd4 4. Qxd4 a6 5. c4 Nc6 6. Qd2 g6 7. Nc3 Bg7 8. Be2 Nf6 9. 0-0 0-0 10. h3 b6 11. Rd1 Bb7 12. Qf4 Nd7 13. Qh4 Nce5 14. Bh6 Nxf3+ 15. Bxf3 Bxh6 16. Qxh6 Rc8 17. Rd4 Ne5 18. Be2 Nc6 19. Rd3 Na5 20. b3 b5 21. e5 Qb6 22. exd6 bxc4 23. bxc4 exd6 24. Rb1 Qd8 25. Rd4 Qf6 26. Rbd1 Rfe8 27. Bf1 Re6 28. Nd5 Qg7 29. Qf4 Nc6 30. R4d2 Ne5 31. Ne3 Qf8 32. Nd5 Rc5 33. Qh4 Bxd5 34. cxd5 Re7 35. Bxa6 Ra7 36. Be2 Qa8 37. f4 Nd7 38. Qe7 Qf8 39. Qh4 Ra4 40. Rf1 Qe8 41. Bd1 Re4 42. Bf3 Re3 43. Rb2 Rc4 1/2-1/2

[Event "Oberliga Nord W 9900"]
[Site "Germany"]
[Date "1999.12.12"]
[Round "3.3"]
[White "Olzem, Lothar"]
[Black "Becker, Mario"]
[Result "1/2-1/2"]
[WhiteElo "2185"]
[BlackElo "2135"]
[PlyCount "25"]
[EventDate "1999.10.??"]
[EventType "team"]
[EventRounds "9"]
[EventCountry "GER"]
[SourceTitle "EXT 2003"]
[Source "ChessBase"]
[SourceDate "2002.11.25"]
[SourceVersion "1"]
[SourceVersionDate "2002.11.25"]
[SourceQuality "1"]
[WhiteTeam "Braunschweig SF"]
[BlackTeam "Bad Harzburg"]
[WhiteTeamCountry "GER"]
[BlackTeamCountry "GER"]

1. Nf3 Nf6 2. d4 g6 3. Nc3 Bg7 4. e4 d6 5. h3 0-0 6. Be3 c6 7. a4 a5 8. Qd2 Na6 9. Bxa6 bxa6 10. Bh6 Rb8 11. Bxg7 Kxg7 12. b3 Qc7 13. 0-0 1/2-1/2

[Event "Bad Harzburg op 1st"]
[Site "Bad Harzburg"]
[Date "1999.11.27"]
[Round "5"]
[White "Graf, Joachim"]
[Black "Olzem, Lothar"]
[Result "1/2-1/2"]
[WhiteElo "2024"]
[BlackElo "2188"]
[PlyCount "42"]
[EventDate "1999.11.24"]
[EventType "swiss"]
[EventRounds "7"]
[EventCountry "GER"]
[SourceTitle "EXT 2023"]
[Source "ChessBase"]
[SourceDate "2022.10.05"]
[SourceVersion "1"]
[SourceVersionDate "2022.10.05"]
[SourceQuality "1"]

1. d4 Nf6 2. Nf3 g6 3. c4 Bg7 4. Nc3 d5 5. cxd5 Nxd5 6. e4 Nxc3 7. bxc3 0-0 8. Be3 c5 9. Rc1 Qa5 10. Qd2 Rd8 11. Bd3 Bg4 12. d5 Nd7 13. c4 Qa3 14. 0-0 b6 15. h3 Bxf3 16. gxf3 Ne5 17. Be2 g5 18. Bxg5 Qxf3 19. Qe3 Qxe3 20. Bxe3 Kf8 21. f4 Bh6 1/2-1/2